FRUITS ZIPPERのMVのある曲 - Statistics

General Stats
  • This quiz has been taken 10 times
  • The average score is 11 of 17
Answers on the Grid
Answers color-coded by a green-red scale on the quiz's grid according to % correct below.
BABY I LOVED
CO-個性
Going!
JAM
KawaiiってMagic
NEW KAWAII
RADIO GALAXY
Re→TRY&FRY
skyfeelan
Sugarless GiRL
We are Frontier
「うぇるかむとぅ〜ざ♡ふるっぱー!」
かがみ
さん
ずっと、ずっと、ずっと!
はちゃめちゃわちゃライフ!
ぴゅあいんざわーるど
ふるっぱーりー!
ふれふるサマー!
わたしの一番かわいいところ
キミコイ
スターライト・ヴァルキリー
ハピチョコ
ハートのローラーコースター
ピポパポ
フルーツバスケット
世界はキミからはじまる
君と目があったとき
君の明るい未来を追いかけて
好き、お願い
完璧主義で☆
成長期なので。
超めでたいソング〜こんなに幸せでいいのかな?〜
 
Answer Stats
Answer % Correct
NEW KAWAII
100%
かがみ
86%
ぴゅあいんざわーるど
86%
わたしの一番かわいいところ
86%
フルーツバスケット
86%
さん
71%
はちゃめちゃわちゃライフ!
71%
ハピチョコ
71%
ピポパポ
71%
KawaiiってMagic
71%
JAM
57%
世界はキミからはじまる
43%
君と目があったとき
43%
RADIO GALAXY
43%
キミコイ
29%
好き、お願い
29%
超めでたいソング〜こんなに幸せでいいのかな?〜
29%
No matching quizzes found
Score Distribution
Percent of People with Each Score
Percentile by Number Answered
Your Score History
You have not taken this quiz